000 00269nam a22001217a 4500
040 _cHS
082 _a631
100 _aBAILLIERE
245 _aMateriel de preparatior et fertilisation des sols
260 _aPhilippe
_bBAILLIERE
_c1981
300 _a239p;
942 _cEK
999 _c10313
_d10313